[Event "mooooooooo"]
[Site "http://www.queenalice.com/game.php?id=9914"]
[Date "2005.4.16"]
[Round "-"]
[White "Ricardo"]
[Black "purplehippo"]
[Result "1-0"]
[WhiteElo "1022"]
[BlackElo "1100"]

1. e4 Nf6 2. f3 c5 3. h3 d5 4. d4 Nh5 5. Qd2 e5 6. b3 dxe4 7. fxe4 Ng3 8. Nf3
Nxe4 9. Qe3 Ng3 10. Qg1 e4 11. Ne5 b5 12. Ba3 Qa5+ 13. Kd1 c4 14. b4 Qc7 15. Qf2
c3 16. Nxc3 Nh5 17. Nxb5 Qd7 18. Be2 Qe7 19. Rb1 Bd7 20. Nc7+ Kd8 21. Nxa8 Bc6
22. Nb6 axb6 23. g3 f6 24. Qe3 fxe5 25. Bxh5 g6 26. g4 gxh5 27. gxh5 h6 28. Rf1
Bg7 29. Rg1 Rh7 30. b5 Bb7 31. Bb2 1-0

[Event "laaa laaaa laaaa"]
[Site "http://www.queenalice.com/game.php?id=9923"]
[Date "2005.4.16"]
[Round "-"]
[White "Tiago"]
[Black "purplehippo"]
[Result "1-0"]
[WhiteElo "1211"]
[BlackElo "1112"]

1. d4 c6 2. Nf3 Qa5+ 3. c3 g5 4. g4 f5 5. h3 d5 6. Qd2 f4 7. Nxg5 h6 8. Nf3 e5
9. Nxe5 Qa6 10. Qxf4 Rh7 11. e3 Re7 12. Ng6 Kd8 13. Qxf8+ Re8 14. Qf7 Be6 15.
Qf4 b5 16. Na3 b4 17. Qf6+ Nxf6 18. Bxa6 Nxa6 19. h4 Rg8 20. Nf4 h5 21. Nxe6+
Kd7 22. Nc5+ Kc8 23. Nxa6 Kb7 24. Nxb4 c5 25. dxc5 Kc7 26. Na6+ 1-0

[Event "Challenge"]
[Site "http://www.queenalice.com/game.php?id=10036"]
[Date "2005.4.16"]
[Round "-"]
[White "destroyer"]
[Black "purplehippo"]
[Result "1-0"]
[WhiteElo "1895"]
[BlackElo "1100"]

1. e4 e5 2. Qh5 Nf6 3. Qxe5+ Be7 4. Be2 Ng4 5. Bxg4 Nc6 6. Qg3 h5 7. Bf3 h4 8.
Qf4 Rh5 9. Bxh5 g6 10. Bg4 g5 11. Qf5 f6 12. Qh7 Bf8 13. Bh5# 1-0

[Event "Challenge"]
[Site "http://www.queenalice.com/game.php?id=10126"]
[Date "2005.4.18"]
[Round "-"]
[White "purplehippo"]
[Black "Cuti"]
[Result "0-1"]
[WhiteElo "1040"]
[BlackElo "1407"]

1. e4 e5 2. b3 Nf6 3. d3 c5 4. b4 cxb4 5. c4 Qa5 6. a4 Bc5 7. d4 Bxd4 8. Ra2
Nxe4 9. f3 b3+ 10. Ke2 bxa2 11. Nh3 axb1=Q 0-1

[Event "Challenge"]
[Site "http://www.queenalice.com/game.php?id=10127"]
[Date "2005.4.18"]
[Round "-"]
[White "Cuti"]
[Black "purplehippo"]
[Result "1-0"]
[WhiteElo "1410"]
[BlackElo "1038"]

1. e4 e5 2. c4 c5 3. Nf3 Nf6 4. Nxe5 Nxe4 5. Qe2 Qe7 6. Qxe4 f5 7. Qe2 g5 8.
Qh5+ Kd8 9. d4 h6 10. Bxg5 hxg5 11. Qxh8 1-0

[Event "AUTO-OPEN-74"]
[Site "http://www.queenalice.com/game.php?id=10137"]
[Date "2005.4.18"]
[Round "1"]
[White "mikaio"]
[Black "purplehippo"]
[Result "1-0"]
[WhiteElo "1960"]
[BlackElo "1040"]

1. e4 e5 2. Nf3 f6 3. Bc4 b5 4. Bxb5 c6 5. Ba4 a6 6. Nc3 d6 7. d4 g5 8. dxe5
fxe5 9. Nxg5 h6 10. Qh5+ Kd7 11. Nf7 Qe7 12. Be3 Rh7 13. Qf5+ Kc7 14. Qxh7 Nf6
15. Qg6 Kd7 16. O-O-O 1-0

[Event "AUTO-OPEN-74"]
[Site "http://www.queenalice.com/game.php?id=10138"]
[Date "2005.4.18"]
[Round "1"]
[White "purplehippo"]
[Black "mikaio"]
[Result "0-1"]
[WhiteElo "1040"]
[BlackElo "1960"]

1. e4 e5 2. Bc4 Nf6 3. d4 exd4 4. c3 dxc3 5. bxc3 Bc5 6. a3 Nxe4 7. Qh5 Qe7 8.
f3 Ng3+ 9. Kd1 Nxh5 10. g4 Nf6 11. g5 Nh5 12. Ne2 Nc6 13. Nd2 d6 14. Bb2 Ne5 15.
Rg1 Bxg1 0-1

[Event "AUTO-OPEN-74"]
[Site "http://www.queenalice.com/game.php?id=10165"]
[Date "2005.4.18"]
[Round "1"]
[White "alib2004"]
[Black "purplehippo"]
[Result "1-0"]
[WhiteElo "1783"]
[BlackElo "1062"]

1. e4 e5 2. Nf3 Nf6 3. Bc4 b5 4. Bxb5 c6 5. Bc4 d5 6. exd5 cxd5 7. Bb3 Rg8 8.
O-O Be7 9. Re1 Nfd7 10. Bxd5 Nb6 11. Bxa8 Nxa8 12. Nxe5 f6 13. Qh5+ Kf8 14. Qf7#
1-0

[Event "AUTO-OPEN-74"]
[Site "http://www.queenalice.com/game.php?id=10166"]
[Date "2005.4.18"]
[Round "1"]
[White "purplehippo"]
[Black "alib2004"]
[Result "0-1"]
[WhiteElo "1040"]
[BlackElo "1775"]

1. e4 e5 2. Bc4 Nf6 3. b3 d5 4. Bb5+ Nc6 5. d3 dxe4 6. a4 exd3 7. cxd3 Bc5 8. b4
Bd4 9. Ra2 Be6 10. Ra3 Ng4 11. h3 Nxf2 12. Qe2 Nxh1 13. Bd2 Qh4+ 14. Kf1 Ng3+
0-1

[Event "AUTO-OPEN-74"]
[Site "http://www.queenalice.com/game.php?id=10183"]
[Date "2005.4.18"]
[Round "1"]
[White "gon"]
[Black "purplehippo"]
[Result "1-0"]
[WhiteElo "1599"]
[BlackElo "1012"]

1. e4 g6 2. b3 e5 3. Nf3 d6 4. d4 g5 5. Bxg5 f6 6. Bh4 h5 7. dxe5 dxe5 8. Nxe5
Qe7 9. Ng6 Qf7 10. Nxh8 Qg7 11. Nf7 Qxf7 12. Bc4 Qg7 13. Qxh5+ Ke7 14. O-O Kd8
15. e5 Be7 16. Bxg8 Qxg8 17. exf6 Bd6 18. f7+ Kd7 19. fxg8=Q b5 20. Qxb5+ 1-0

[Event "AUTO-OPEN-74"]
[Site "http://www.queenalice.com/game.php?id=10184"]
[Date "2005.4.18"]
[Round "1"]
[White "purplehippo"]
[Black "gon"]
[Result "0-1"]
[WhiteElo "1012"]
[BlackElo "1597"]

1. e4 e5 2. d4 exd4 3. Bc4 c5 4. Qh5 g6 5. Qg4 d5 6. Bb3 Be6 7. Qf3 Nf6 8. e5
Ne4 9. c4 dxc3 10. Qe2 c4 11. Ba4+ Nc6 12. b3 Bb4 13. a3 c2+ 14. Kf1 cxb1=Q 15.
Rxb1 Nc3 16. Qe1 Nxb1 17. Qe2 Bxa3 18. Bxa3 Nxa3 19. f3 Bf5 20. g4 Bd3 0-1

[Event "AUTO-INT-07"]
[Site "http://www.queenalice.com/game.php?id=10491"]
[Date "2005.4.22"]
[Round "1"]
[White "purplehippo"]
[Black "fabiano"]
[Result "0-1"]
[WhiteElo "1036"]
[BlackElo "1055"]

1. e4 e5 2. b3 Bc5 3. Nf3 f6 4. c4 g5 5. g4 Nh6 6. d3 Nxg4 7. h3 Nxf2 8. Qe2
Nxh1 9. Qh2 Nf2 10. Qg1 Nc6 11. b4 Nxb4 12. a3 Nbxd3+ 13. Kd2 Nxc1 14. Kxc1 b6
0-1

[Event "AUTO-INT-07"]
[Site "http://www.queenalice.com/game.php?id=10504"]
[Date "2005.4.22"]
[Round "1"]
[White "ryanwilson"]
[Black "purplehippo"]
[Result "1-0"]
[WhiteElo "1505"]
[BlackElo "1040"]

1. e4 e5 2. Nf3 Qf6 3. d4 exd4 4. Nxd4 c5 5. Nf3 h5 6. Bc4 d5 7. Qxd5 Be6 8.
Bb5+ Ke7 9. Qxb7+ Nd7 10. Bg5 Rb8 11. Bxf6+ 1-0

[Event "AUTO-INT-07"]
[Site "http://www.queenalice.com/game.php?id=10505"]
[Date "2005.4.22"]
[Round "1"]
[White "purplehippo"]
[Black "ryanwilson"]
[Result "0-1"]
[WhiteElo "1040"]
[BlackElo "1507"]

1. d4 d6 2. e4 Nf6 3. Nc3 g6 4. b3 c5 5. Be2 cxd4 6. Nb1 Nxe4 7. f3 Nc3 8. Nxc3
dxc3 9. Nh3 Bxh3 10. gxh3 e5 11. b4 d5 0-1

[Event "AUTO-INT-07"]
[Site "http://www.queenalice.com/game.php?id=10514"]
[Date "2005.4.22"]
[Round "1"]
[White "purplehippo"]
[Black "Checker"]
[Result "0-1"]
[WhiteElo "1062"]
[BlackElo "1290"]

1. d4 Nc6 2. e4 e6 3. f4 Bd6 4. e5 Bb4+ 5. Qd2 Bxd2+ 6. Kxd2 Nxd4 7. c3 Nc6 8.
b4 b5 9. a3 d6 10. Bd3 dxe5 11. Kc2 a6 12. Nd2 exf4 0-1

[Event "AUTO-INT-07"]
[Site "http://www.queenalice.com/game.php?id=10515"]
[Date "2005.4.22"]
[Round "1"]
[White "Checker"]
[Black "purplehippo"]
[Result "1-0"]
[WhiteElo "1277"]
[BlackElo "1012"]

1. c4 e5 2. Nf3 d6 3. e4 f6 4. h4 c5 5. Nc3 h6 6. g4 b6 7. g5 a5 8. gxf6 gxf6 9.
d3 Bd7 10. a4 Rh7 11. Rg1 Kf7 12. Be3 Ne7 13. h5 1-0